000 01143nam0a22004211 4500
001 RU\NLR\A1SV\15442
005 20251203171251.9
035 _a(NLR Aleph) 009700686
090 _a9783654
_c9783654
100 _a20120505d1923 u y0rusy50 ca
101 0 _arus
102 _aRU
200 1 _aСоветский Дальний Восток
_fПод ред. С.Ф.Суховия
210 _aЧита
_aВладивосток
_cКн. дело
_d1923
215 _a[4], 160 с., 1 л. карт.
_d23 см
300 _aНапеч. в Чите
620 _dЧита
620 _dВладивосток
702 1 _aСуховий
_bС. Ф.
801 0 _aRU
_bNLR
_c20120505
852 _aNLR
_j3/197
852 _aNLR
_j33-4/156
899 _aКирОУНБ
899 _aНБ БГУЭП
899 _aВладОУНБ
899 _aГПНТБ СО РАН
899 _aНГОНБ
899 _aКУНБ
899 _aЧОБ
899 _aКамКНБ
899 _aЦНБ ДО РАН
899 _aСПбГУ
899 _aОИАК
899 _aРГБ
942 _cBOOK
980 _aNB
980 _aA1SV